[Event "ODJM C 2023"]
[Site "Willingen GER"]
[Date "2023.05.28"]
[Round "2"]
[White "Schwedhelm, Dennis"]
[Black "Wagner, Valentin Thien-Phú"]
[Result "1-0"]
[Termination "normal"]
[Board "27"]
[WhiteElo "1373"]
[BlackElo "857"]
[WhiteClock "01:23:58"]
[BlackClock "01:24:04"]
[PlyCount "47"]
[WhiteFideId "16228995"]
[BlackFideId "34603492"]
[EventCountry "GER"]
[EventRounds "9"]
[EventType "swiss"]
[EventDate "2023.05.27"]

1. d4 {[%clk 01:30:58]} {[%emt 00:00:02]} d5 {[%clk 01:30:55]} {[%emt
00:00:06]} 2. c4 {[%clk 01:31:19]} {[%emt 00:00:08]} dxc4 {[%clk 01:31:17]}
{[%emt 00:00:08]} 3. Nc3 {[%clk 01:31:37]} {[%emt 00:00:11]} Nc6 {[%clk
01:31:37]} {[%emt 00:00:10]} 4. e4 {[%clk 01:31:43]} {[%emt 00:00:24]} Nf6
{[%clk 01:31:32]} {[%emt 00:00:35]} 5. Bxc4 {[%clk 01:31:52]} {[%emt 00:00:21]}
e5 {[%clk 01:31:50]} {[%emt 00:00:11]} 6. d5 {[%clk 01:31:04]} {[%emt
00:01:18]} Nd4 {[%clk 01:31:56]} {[%emt 00:00:24]} 7. h3 {[%clk 01:29:46]}
{[%emt 00:01:48]} Bb4 {[%clk 01:32:11]} {[%emt 00:00:15]} 8. a3 {[%clk
01:28:58]} {[%emt 00:01:18]} Bxc3+ {[%clk 01:32:08]} {[%emt 00:00:33]} 9. bxc3
{[%clk 01:29:13]} {[%emt 00:00:16]} Nxe4 {[%clk 01:31:46]} {[%emt 00:00:51]}
10. cxd4 {[%clk 01:29:12]} {[%emt 00:00:31]} Qh4 {[%clk 01:31:43]} {[%emt
00:00:33]} 11. Qf3 {[%clk 01:27:55]} {[%emt 00:01:47]} Nd6 {[%clk 01:31:31]}
{[%emt 00:00:43]} 12. Ba2 {[%clk 01:26:19]} {[%emt 00:02:06]} Bg4 {[%clk
01:30:05]} {[%emt 00:01:57]} 13. Qxg4 {[%clk 01:25:26]} {[%emt 00:01:23]} Qf6
{[%clk 01:29:57]} {[%emt 00:00:38]} 14. Ne2 {[%clk 01:24:53]} {[%emt 00:01:03]}
O-O {[%clk 01:30:07]} {[%emt 00:00:20]} 15. Bb2 {[%clk 01:24:58]} {[%emt
00:00:23]} Qf5 {[%clk 01:24:04]} {[%emt 00:06:34]} 16. Qxf5 {[%clk 01:25:04]}
{[%emt 00:00:24]} Nxf5 {[%clk 01:24:21]} {[%emt 00:00:13]} 17. dxe5 {[%clk
01:25:23]} {[%emt 00:00:10]} Rad8 {[%clk 01:24:40]} {[%emt 00:00:10]} 18. O-O
{[%clk 01:25:21]} {[%emt 00:00:32]} Rfe8 {[%clk 01:23:36]} {[%emt 00:01:34]}
19. e6 {[%clk 01:24:15]} {[%emt 00:01:37]} fxe6 {[%clk 01:23:31]} {[%emt
00:00:34]} 20. dxe6 {[%clk 01:24:39]} {[%emt 00:00:07]} Rd2 {[%clk 01:23:39]}
{[%emt 00:00:22]} 21. e7+ {[%clk 01:24:15]} {[%emt 00:00:54]} Kh8 {[%clk
01:23:53]} {[%emt 00:00:16]} 22. Rad1 {[%clk 01:24:18]} {[%emt 00:00:25]} Rxd1
{[%clk 01:23:42]} {[%emt 00:00:43]} 23. Rxd1 {[%clk 01:24:40]} {[%emt
00:00:08]} Nxe7 {[%clk 01:24:04]} {[%emt 00:00:08]} 24. Rd7 {[%clk 01:23:58]}
{[%emt 00:01:11]} 1-0

[Event "ODJM C 2023"]
[Site "Willingen GER"]
[Date "2023.05.28"]
[Round "2"]
[White "Betz, Niclas"]
[Black "Krömer, Antonius"]
[Result "1-0"]
[Termination "normal"]
[Board "28"]
[WhiteElo "1043"]
[BlackElo "1353"]
[WhiteClock "01:28:35"]
[BlackClock "01:16:19"]
[PlyCount "115"]
[WhiteFideId "34616748"]
[BlackFideId "34660518"]
[EventCountry "GER"]
[EventRounds "9"]
[EventType "swiss"]
[EventDate "2023.05.27"]

1. e4 {[%clk 01:30:58]} {[%emt 00:00:02]} d5 {[%clk 01:30:56]} {[%emt
00:00:05]} 2. exd5 {[%clk 01:31:22]} {[%emt 00:00:07]} Qxd5 {[%clk 01:31:21]}
{[%emt 00:00:04]} 3. Nc3 {[%clk 01:31:26]} {[%emt 00:00:26]} Qa5 {[%clk
01:31:46]} {[%emt 00:00:05]} 4. Bc4 {[%clk 01:31:37]} {[%emt 00:00:19]} Nf6
{[%clk 01:31:58]} {[%emt 00:00:18]} 5. d3 {[%clk 01:31:56]} {[%emt 00:00:12]}
Bg4 {[%clk 01:32:13]} {[%emt 00:00:14]} 6. Nf3 {[%clk 01:31:57]} {[%emt
00:00:29]} c6 {[%clk 01:32:24]} {[%emt 00:00:20]} 7. Qe2 {[%clk 01:32:17]}
{[%emt 00:00:10]} Nbd7 {[%clk 01:30:42]} {[%emt 00:02:12]} 8. Bd2 {[%clk
01:32:21]} {[%emt 00:00:25]} Qc7 {[%clk 01:30:35]} {[%emt 00:00:37]} 9. O-O
{[%clk 01:31:42]} {[%emt 00:01:09]} e6 {[%clk 01:29:18]} {[%emt 00:01:48]} 10.
h3 {[%clk 01:31:29]} {[%emt 00:00:42]} Bh5 {[%clk 01:28:21]} {[%emt 00:01:28]}
11. a4 {[%clk 01:27:57]} {[%emt 00:04:03]} Ne5 {[%clk 01:27:57]} {[%emt
00:00:53]} 12. Qxe5 {[%clk 01:27:53]} {[%emt 00:00:35]} Qxe5 {[%clk 01:27:57]}
{[%emt 00:00:30]} 13. Nxe5 {[%clk 01:28:13]} {[%emt 00:00:10]} Bd6 {[%clk
01:28:02]} {[%emt 00:00:24]} 14. Bf4 {[%clk 01:27:32]} {[%emt 00:01:12]} h6
{[%clk 01:27:33]} {[%emt 00:00:59]} 15. Ng6 {[%clk 01:27:35]} {[%emt 00:00:27]}
Bxf4 {[%clk 01:26:38]} {[%emt 00:01:26]} 16. Nxf4 {[%clk 01:27:35]} {[%emt
00:00:30]} O-O {[%clk 01:25:17]} {[%emt 00:01:51]} 17. Nxh5 {[%clk 01:27:50]}
{[%emt 00:00:15]} Nxh5 {[%clk 01:25:39]} {[%emt 00:00:07]} 18. g4 {[%clk
01:27:00]} {[%emt 00:01:20]} Nf4 {[%clk 01:25:48]} {[%emt 00:00:21]} 19. Kh2
{[%clk 01:27:17]} {[%emt 00:00:14]} h5 {[%clk 01:22:59]} {[%emt 00:03:19]} 20.
Kg3 {[%clk 01:27:26]} {[%emt 00:00:21]} g5 {[%clk 01:22:09]} {[%emt 00:01:19]}
21. gxh5 {[%clk 01:27:41]} {[%emt 00:00:14]} Nxh5+ {[%clk 01:22:20]} {[%emt
00:00:20]} 22. Kg4 {[%clk 01:27:51]} {[%emt 00:00:20]} Nf6+ {[%clk 01:21:16]}
{[%emt 00:01:34]} 23. Kxg5 {[%clk 01:28:11]} {[%emt 00:00:10]} Kg7 {[%clk
01:20:23]} {[%emt 00:01:23]} 24. Ne4 {[%clk 01:27:59]} {[%emt 00:00:42]} Nxe4+
{[%clk 01:20:23]} {[%emt 00:00:30]} 25. dxe4 {[%clk 01:28:19]} {[%emt
00:00:10]} Rh8 {[%clk 01:20:24]} {[%emt 00:00:28]} 26. h4 {[%clk 01:27:57]}
{[%emt 00:00:53]} Rag8 {[%clk 01:20:19]} {[%emt 00:00:35]} 27. Rh1 {[%clk
01:27:34]} {[%emt 00:00:53]} Kf8+ {[%clk 01:18:45]} {[%emt 00:02:04]} 28. Kf4
{[%clk 01:27:53]} {[%emt 00:00:12]} Rh5 {[%clk 01:18:14]} {[%emt 00:01:00]} 29.
e5 {[%clk 01:27:39]} {[%emt 00:00:45]} Rf5+ {[%clk 01:18:25]} {[%emt 00:00:17]}
30. Ke4 {[%clk 01:25:40]} {[%emt 00:02:29]} Rg4+ {[%clk 01:18:00]} {[%emt
00:00:54]} 31. Kd3 {[%clk 01:25:58]} {[%emt 00:00:13]} Rf3+ {[%clk 01:18:11]}
{[%emt 00:00:18]} 32. Ke2 {[%clk 01:26:15]} {[%emt 00:00:14]} Rf5 {[%clk
01:17:22]} {[%emt 00:01:19]} 33. Bd3 {[%clk 01:25:18]} {[%emt 00:01:28]} Rxe5+
{[%clk 01:17:05]} {[%emt 00:00:46]} 34. Kf3 {[%clk 01:24:50]} {[%emt 00:00:59]}
f5 {[%clk 01:12:08]} {[%emt 00:05:27]} 35. Rag1 {[%clk 01:24:25]} {[%emt
00:00:54]} Kg7 {[%clk 01:10:35]} {[%emt 00:02:03]} 36. Rxg4+ {[%clk 01:24:16]}
{[%emt 00:00:39]} fxg4+ {[%clk 01:10:39]} {[%emt 00:00:26]} 37. Kxg4 {[%clk
01:24:27]} {[%emt 00:00:20]} Kh6 {[%clk 01:10:57]} {[%emt 00:00:12]} 38. Kf4
{[%clk 01:24:16]} {[%emt 00:00:41]} Rf5+ {[%clk 01:10:43]} {[%emt 00:00:43]}
39. Bxf5 {[%clk 01:24:33]} {[%emt 00:00:13]} exf5 {[%clk 01:11:05]} {[%emt
00:00:08]} 40. Kxf5 {[%clk 01:24:53]} {[%emt 00:00:10]} b5 {[%clk 01:11:28]}
{[%emt 00:00:07]} 41. axb5 {[%clk 01:25:06]} {[%emt 00:00:18]} cxb5 {[%clk
01:11:51]} {[%emt 00:00:07]} 42. h5 {[%clk 01:25:18]} {[%emt 00:00:18]} a5
{[%clk 01:12:13]} {[%emt 00:00:08]} 43. Ke5 {[%clk 01:24:57]} {[%emt 00:00:51]}
a4 {[%clk 01:12:28]} {[%emt 00:00:15]} 44. Kd5 {[%clk 01:25:17]} {[%emt
00:00:10]} b4 {[%clk 01:12:48]} {[%emt 00:00:10]} 45. Kc4 {[%clk 01:25:40]}
{[%emt 00:00:07]} a3 {[%clk 01:13:12]} {[%emt 00:00:07]} 46. bxa3 {[%clk
01:26:03]} {[%emt 00:00:07]} bxa3 {[%clk 01:13:37]} {[%emt 00:00:05]} 47. Kb3
{[%clk 01:26:18]} {[%emt 00:00:16]} a2 {[%clk 01:14:01]} {[%emt 00:00:05]} 48.
Kxa2 {[%clk 01:26:37]} {[%emt 00:00:11]} Kh7 {[%clk 01:14:13]} {[%emt
00:00:18]} 49. c4 {[%clk 01:26:43]} {[%emt 00:00:23]} Kh6 {[%clk 01:14:38]}
{[%emt 00:00:04]} 50. c5 {[%clk 01:27:01]} {[%emt 00:00:12]} Kh7 {[%clk
01:15:04]} {[%emt 00:00:04]} 51. c6 {[%clk 01:27:21]} {[%emt 00:00:11]} Kh6
{[%clk 01:15:31]} {[%emt 00:00:03]} 52. c7 {[%clk 01:27:41]} {[%emt 00:00:10]}
Kh7 {[%emt 00:00:03]} 53. c8=Q {[%emt 00:00:22]} Kh6 {[%clk 01:15:30]} {[%emt
00:00:05]} 54. Qg4 {[%clk 01:27:56]} {[%emt 00:00:13]} Kh7 {[%clk 01:15:43]}
{[%emt 00:00:18]} 55. Qg6+ {[%clk 01:28:03]} {[%emt 00:00:21]} Kh8 {[%clk
01:16:07]} {[%emt 00:00:08]} 56. Qf6+ {[%clk 01:28:17]} {[%emt 00:00:17]} Kh7
{[%clk 01:16:19]} {[%emt 00:00:17]} 57. h6 {[%clk 01:28:37]} {[%emt 00:00:11]}
Kg8 {[%emt 00:00:10]} 58. h7# {[%clk 01:28:35]} {[%emt 00:00:26]} 1-0

[Event "ODJM C 2023"]
[Site "Willingen GER"]
[Date "2023.05.28"]
[Round "2"]
[White "Beier, Martin"]
[Black "Prigandt, Junis"]
[Result "1-0"]
[Termination "normal"]
[Board "29"]
[WhiteElo "1346"]
[BlackElo "1019"]
[WhiteClock "01:03:13"]
[BlackClock "01:06:24"]
[PlyCount "107"]
[WhiteFideId "34631879"]
[BlackFideId "34631712"]
[EventCountry "GER"]
[EventRounds "9"]
[EventType "swiss"]
[EventDate "2023.05.27"]

1. e4 {[%clk 01:30:59]} e6 {[%clk 01:30:55]} {[%emt 00:00:05]} 2. d4 {[%clk
01:31:23]} {[%emt 00:00:06]} d5 {[%clk 01:31:23]} {[%emt 00:00:03]} 3. exd5
{[%clk 01:31:46]} {[%emt 00:00:06]} exd5 {[%clk 01:31:47]} {[%emt 00:00:06]} 4.
Bd3 {[%clk 01:32:08]} {[%emt 00:00:08]} Bd6 {[%clk 01:31:25]} {[%emt 00:00:53]}
5. Nf3 {[%clk 01:32:32]} {[%emt 00:00:06]} h6 {[%clk 01:31:36]} {[%emt
00:00:19]} 6. O-O {[%clk 01:32:48]} {[%emt 00:00:13]} Nf6 {[%clk 01:31:50]}
{[%emt 00:00:17]} 7. Be3 {[%clk 01:32:50]} {[%emt 00:00:27]} O-O {[%clk
01:31:32]} {[%emt 00:00:49]} 8. Nbd2 {[%clk 01:33:13]} {[%emt 00:00:06]} Be6
{[%clk 01:31:30]} {[%emt 00:00:32]} 9. c3 {[%clk 01:33:35]} {[%emt 00:00:08]}
c6 {[%clk 01:31:50]} {[%emt 00:00:12]} 10. Qc2 {[%clk 01:33:55]} {[%emt
00:00:09]} Nbd7 {[%clk 01:31:41]} {[%emt 00:00:39]} 11. Rfe1 {[%clk 01:34:15]}
{[%emt 00:00:09]} Re8 {[%clk 01:31:41]} {[%emt 00:00:32]} 12. Re2 {[%clk
01:34:21]} {[%emt 00:00:21]} Qc7 {[%clk 01:30:51]} {[%emt 00:01:23]} 13. Rae1
{[%clk 01:34:38]} {[%emt 00:00:11]} Bg4 {[%emt 00:01:04]} 14. h3 {[%clk
01:34:43]} {[%emt 00:00:01]} Bxf3 {[%clk 01:31:09]} {[%emt 00:00:03]} 15. Nxf3
{[%clk 01:34:50]} {[%emt 00:00:22]} Rad8 {[%clk 01:28:51]} {[%emt 00:02:48]}
16. Bf5 {[%clk 01:33:55]} {[%emt 00:01:24]} c5 {[%clk 01:27:48]} {[%emt
00:01:35]} 17. dxc5 {[%clk 01:32:17]} {[%emt 00:02:08]} Bxc5 {[%clk 01:28:04]}
{[%emt 00:00:14]} 18. Bxd7 {[%clk 01:31:44]} {[%emt 00:01:00]} Rxd7 {[%clk
01:28:14]} {[%emt 00:00:22]} 19. Bxc5 {[%clk 01:31:12]} {[%emt 00:01:02]} Rxe2
{[%clk 01:28:41]} {[%emt 00:00:02]} 20. Rxe2 {[%clk 01:28:12]} {[%emt
00:03:31]} Qxc5 {[%clk 01:28:57]} {[%emt 00:00:15]} 21. Nd4 {[%clk 01:28:19]}
{[%emt 00:00:21]} Re7 {[%clk 01:26:03]} {[%emt 00:03:26]} 22. Rxe7 {[%clk
01:27:32]} {[%emt 00:01:17]} Qxe7 {[%clk 01:26:27]} {[%emt 00:00:06]} 23. Qf5
{[%clk 01:25:28]} {[%emt 00:02:32]} Qc7 {[%clk 01:23:03]} {[%emt 00:03:56]} 24.
Nb5 {[%clk 01:24:26]} {[%emt 00:01:29]} Qc5 {[%clk 01:22:47]} {[%emt 00:00:48]}
25. Nd4 {[%clk 01:23:14]} {[%emt 00:01:42]} a6 {[%clk 01:22:15]} {[%emt
00:01:03]} 26. Qe5 {[%clk 01:23:25]} {[%emt 00:00:10]} Qc8 {[%clk 01:19:54]}
{[%emt 00:02:59]} 27. Nf5 {[%clk 01:23:00]} {[%emt 00:00:54]} Qe6 {[%clk
01:19:49]} {[%emt 00:00:35]} 28. Qb8+ {[%clk 01:21:06]} {[%emt 00:02:24]} Kh7
{[%clk 01:18:10]} {[%emt 00:02:09]} 29. Ne3 {[%clk 01:20:36]} {[%emt 00:01:01]}
b5 {[%clk 01:17:33]} {[%emt 00:01:07]} 30. Qb7 {[%clk 01:16:51]} {[%emt
00:04:14]} g5 {[%clk 01:17:15]} {[%emt 00:00:49]} 31. Ng4 {[%clk 01:14:05]}
{[%emt 00:03:15]} Nxg4 {[%clk 01:16:42]} {[%emt 00:01:04]} 32. hxg4 {[%clk
01:14:11]} {[%emt 00:00:24]} Kg6 {[%clk 01:16:34]} {[%emt 00:00:38]} 33. Qa7
{[%clk 01:13:11]} {[%emt 00:01:31]} h5 {[%clk 01:16:23]} {[%emt 00:00:41]} 34.
gxh5+ {[%clk 01:13:20]} {[%emt 00:00:20]} Kxh5 {[%emt 00:00:27]} 35. Qd4 {[%clk
01:12:38]} {[%emt 00:00:51]} f5 {[%clk 01:15:31]} {[%emt 00:01:46]} 36. f3
{[%clk 01:12:23]} {[%emt 00:00:43]} g4 {[%clk 01:15:38]} {[%emt 00:00:26]} 37.
Qh8+ {[%clk 01:08:11]} {[%emt 00:04:41]} Qh6 {[%clk 01:15:47]} {[%emt
00:00:21]} 38. Qxh6+ {[%clk 01:05:55]} {[%emt 00:02:46]} Kxh6 {[%clk 01:16:11]}
{[%emt 00:00:06]} 39. fxg4 {[%clk 01:05:24]} {[%emt 00:01:01]} fxg4 {[%clk
01:16:40]} {[%emt 00:00:02]} 40. g3 {[%clk 01:03:35]} {[%emt 00:02:19]} Kg5
{[%clk 01:16:56]} {[%emt 00:00:14]} 41. Kf2 {[%clk 01:03:57]} {[%emt 00:00:07]}
Kf5 {[%clk 01:17:18]} {[%emt 00:00:09]} 42. Ke3 {[%clk 01:04:00]} {[%emt
00:00:18]} Ke5 {[%clk 01:17:45]} {[%emt 00:00:12]} 43. b4 {[%clk 01:04:25]}
{[%emt 00:00:05]} Ke6 {[%clk 01:07:42]} {[%emt 00:10:32]} 44. Kf4 {[%clk
01:03:32]} {[%emt 00:01:19]} Kf6 {[%clk 01:07:46]} {[%emt 00:00:31]} 45. Kxg4
{[%clk 01:02:50]} {[%emt 00:01:11]} Ke5 {[%clk 01:07:32]} {[%emt 00:00:45]} 46.
Kh5 {[%clk 01:03:01]} {[%emt 00:00:18]} Kf6 {[%clk 01:07:03]} {[%emt 00:00:59]}
47. Kh6 {[%clk 01:02:21]} {[%emt 00:01:08]} Kf5 {[%clk 01:07:31]} {[%emt
00:00:05]} 48. Kh5 {[%clk 01:02:39]} {[%emt 00:00:10]} Kf6 {[%clk 01:07:52]}
{[%emt 00:00:10]} 49. g4 {[%clk 01:03:01]} {[%emt 00:00:08]} Kg7 {[%clk
01:07:46]} {[%emt 00:00:36]} 50. Kg5 {[%clk 01:03:06]} {[%emt 00:00:25]} Kf7
{[%clk 01:08:06]} {[%emt 00:00:11]} 51. Kh6 {[%clk 01:03:33]} {[%emt 00:00:02]}
Kg8 {[%clk 01:07:06]} {[%emt 00:01:30]} 52. g5 {[%clk 01:03:37]} {[%emt
00:00:26]} Kf8 {[%clk 01:06:16]} {[%emt 00:01:21]} 53. Kh7 {[%clk 01:03:13]}
{[%emt 00:00:53]} Kf7 {[%clk 01:06:24]} {[%emt 00:00:23]} 54. g6+ {[%emt
00:00:35]} 1-0

[Event "ODJM C 2023"]
[Site "Willingen GER"]
[Date "2023.05.28"]
[Round "2"]
[White "Reetz, Shaila"]
[Black "Gyácsok, Dzvinka"]
[Result "0-1"]
[Termination "normal"]
[Board "30"]
[WhiteElo "1003"]
[BlackElo "1208"]
[WhiteClock "01:13:26"]
[BlackClock "00:14:35"]
[PlyCount "58"]
[WhiteFideId "34630317"]
[BlackFideId "16298292"]
[EventCountry "GER"]
[EventRounds "9"]
[EventType "swiss"]
[EventDate "2023.05.27"]

1. e4 {[%clk 01:30:57]} {[%emt 00:00:02]} e5 {[%clk 01:30:51]} {[%emt
00:00:10]} 2. Nf3 {[%clk 01:31:21]} {[%emt 00:00:06]} Nc6 {[%clk 01:31:11]}
{[%emt 00:00:11]} 3. Nc3 {[%emt 00:00:19]} Nf6 {[%clk 01:31:06]} {[%emt
00:00:25]} 4. Bb5 {[%clk 01:32:00]} {[%emt 00:00:12]} g6 {[%clk 01:28:43]}
{[%emt 00:02:54]} 5. O-O {[%clk 01:32:04]} {[%emt 00:00:26]} d6 {[%clk
01:25:39]} {[%emt 00:03:34]} 6. h3 {[%clk 01:32:16]} {[%emt 00:00:17]} Bd7
{[%clk 01:23:54]} {[%emt 00:02:15]} 7. d4 {[%clk 01:31:30]} {[%emt 00:01:16]}
exd4 {[%clk 01:17:22]} {[%emt 00:07:03]} 8. Nxd4 {[%clk 01:28:29]} {[%emt
00:00:22]} a6 {[%clk 01:13:29]} {[%emt 00:07:32]} 9. Bxc6 {[%clk 01:28:32]}
{[%emt 00:00:22]} bxc6 {[%clk 01:13:37]} {[%emt 00:00:26]} 10. Bg5 {[%clk
01:28:36]} {[%emt 00:00:25]} Bg7 {[%clk 01:09:35]} {[%emt 00:04:33]} 11. Qe2
{[%clk 01:28:45]} {[%emt 00:00:21]} Qe7 {[%clk 01:08:20]} {[%emt 00:01:46]} 12.
Rad1 {[%clk 01:27:29]} {[%emt 00:01:46]} O-O {[%clk 01:03:48]} {[%emt
00:05:02]} 13. Nf3 {[%clk 01:26:09]} {[%emt 00:01:49]} Qe6 {[%clk 00:57:31]}
{[%emt 00:06:47]} 14. Nd4 {[%clk 01:25:33]} {[%emt 00:01:06]} Qe5 {[%clk
00:54:39]} {[%emt 00:03:23]} 15. Nf3 {[%clk 01:25:03]} {[%emt 00:01:00]} Qc5
{[%clk 00:48:37]} {[%emt 00:06:28]} 16. e5 {[%clk 01:24:18]} {[%emt 00:01:19]}
Rfe8 {[%clk 00:44:37]} {[%emt 00:04:30]} 17. Ne4 {[%clk 01:21:59]} {[%emt
00:02:48]} Nxe4 {[%clk 00:43:15]} {[%emt 00:01:53]} 18. Qxe4 {[%clk 01:21:46]}
{[%emt 00:00:41]} Bxe5 {[%clk 00:43:15]} {[%emt 00:00:30]} 19. Qh4 {[%clk
01:20:50]} {[%emt 00:01:26]} Bxb2 {[%clk 00:39:10]} {[%emt 00:04:37]} 20. Be3
{[%clk 01:20:44]} {[%emt 00:00:31]} Qf5 {[%clk 00:35:48]} {[%emt 00:03:54]} 21.
Ng5 {[%clk 01:19:30]} {[%emt 00:01:46]} h5 {[%clk 00:31:16]} {[%emt 00:05:03]}
22. Bf4 {[%clk 01:18:16]} {[%emt 00:01:38]} Bf6 {[%clk 00:29:38]} {[%emt
00:02:15]} 23. g4 {[%clk 01:16:51]} {[%emt 00:01:53]} Bxg5 {[%clk 00:28:17]}
{[%emt 00:01:52]} 24. Bxg5 {[%clk 01:16:39]} {[%emt 00:00:38]} hxg4 {[%clk
00:26:46]} {[%emt 00:02:05]} 25. Bf6 {[%clk 01:16:16]} {[%emt 00:00:53]} Qh5
{[%clk 00:25:09]} {[%emt 00:02:07]} 26. Qg3 {[%clk 01:15:20]} {[%emt 00:01:25]}
gxh3 {[%clk 00:21:25]} {[%emt 00:04:13]} 27. Ba1 {[%clk 01:14:49]} {[%emt
00:01:01]} Qg4 {[%clk 00:17:59]} {[%emt 00:03:58]} 28. Kh1 {[%clk 01:13:35]}
{[%emt 00:01:41]} Re2 {[%clk 00:14:54]} {[%emt 00:03:39]} 29. Qc3 {[%clk
01:13:26]} {[%emt 00:00:36]} Qg2# {[%clk 00:14:35]} {[%emt 00:00:20]} 0-1

[Event "ODJM C 2023"]
[Site "Willingen GER"]
[Date "2023.05.28"]
[Round "2"]
[White "Knudsen, Max Leon"]
[Black "Finck, Julius"]
[Result "0-1"]
[Termination "normal"]
[Board "32"]
[WhiteElo "931"]
[BlackElo "1071"]
[PlyCount "54"]
[WhiteFideId "34629467"]
[BlackFideId "34660429"]
[EventCountry "GER"]
[EventRounds "9"]
[EventType "swiss"]
[EventDate "2023.05.27"]

1. e4 e5 2. Nf3 d6 3. Bc4 Bg4 4. O-O Nc6 5. h3 Bh5 6. d3 Nd4 7. g4 Bg6 8. Nxd4
exd4 9. Qf3 Be7 10. Qg3 Bh4 11. Qg2 Ne7 12. b3 Qd7 13. a4 O-O-O 14. e5 d5 15.
Ba6 bxa6 16. c4 Bxd3 17. Rd1 Be4 18. f3 Bxb1 19. Rxb1 dxc4 20. f4 Nc6 21. b4
Qd5 22. Qb2 Qf3 23. Rd2 c3 24. Qb3 Qe3+ 25. Rf2 Qxf2+ 26. Kh1 Bg3 27. Rb2 Qf1#
0-1

[Event "ODJM C 2023"]
[Site "Willingen GER"]
[Date "2023.05.28"]
[Round "2"]
[White "Engelhaupt, Henry"]
[Black "Nehrukumar, Rithika"]
[Result "1-0"]
[Termination "normal"]
[Board "33"]
[WhiteElo "1196"]
[BlackElo "990"]
[PlyCount "81"]
[WhiteFideId "34644814"]
[BlackFideId "34660550"]
[EventCountry "GER"]
[EventRounds "9"]
[EventType "swiss"]
[EventDate "2023.05.27"]

1. e4 e5 2. Nf3 Nc6 3. Bc4 Bc5 4. c3 Nf6 5. d3 d5 6. exd5 Nxd5 7. Qb3 Be6 8.
Qxb7 Nce7 9. Qb5+ Bd7 10. Qxc5 Nf4 11. Bxf4 exf4 12. Qe5 O-O 13. Qxf4 Ng6 14.
Qc1 Re8+ 15. Kf1 Bg4 16. Nbd2 Nf4 17. Qc2 Qe7 18. d4 Bxf3 19. Nxf3 g6 20. Qd2
Qg5 21. g3 Qg4 22. Qxf4 Qxf4 23. gxf4 Rab8 24. Ne5 Red8 25. Nc6 Rxb2 26. Nxd8
Rc2 27. Nxf7 Kf8 28. Re1 Rxc3 29. Ne5 Kg7 30. Bb3 Rh3 31. Ng4 Rh4 32. Re7+ Kf8
33. Rf7+ Ke8 34. Nf6+ Kd8 35. Rd7+ Kc8 36. Bd5 Rxf4 37. Rf7 c6 38. Bxc6 Rxd4
39. Nd5 Rd1+ 40. Ke2 Rxh1 41. Rf8# 1-0

[Event "ODJM C 2023"]
[Site "Willingen GER"]
[Date "2023.05.28"]
[Round "2"]
[White "Nehrukumar, Snikitha"]
[Black "Kulgemeyer, Justus"]
[Result "0-1"]
[Termination "normal"]
[Board "34"]
[WhiteElo "984"]
[BlackElo "1106"]
[PlyCount "118"]
[WhiteFideId "34660569"]
[BlackFideId "34623671"]
[EventCountry "GER"]
[EventRounds "9"]
[EventType "swiss"]
[EventDate "2023.05.27"]

1. e4 c5 2. Nf3 e6 3. Bc4 Nc6 4. Nc3 Qc7 5. d4 cxd4 6. Nxd4 a6 7. Be2 b5 8.
Nxc6 Qxc6 9. Bf3 Qc7 10. O-O Bb7 11. Be3 Nf6 12. e5 b4 13. exf6 bxc3 14. bxc3
gxf6 15. Rb1 Bxf3 16. Qxf3 Qc8 17. Qxf6 Rg8 18. Bd4 Qc6 19. g3 h5 20. Rb6 Qd5
21. h4 Be7 22. Qf4 Rg4 23. Qe5 Qxe5 24. Bxe5 Bxh4 25. Rfb1 f5 26. Kh2 Be7 27.
f3 Rg6 28. Bd6 Bxd6 29. Rxd6 Ke7 30. Rbd1 Rc8 31. Rxd7+ Kf6 32. f4 Rxc3 33.
R1d2 Rcxg3 34. c4 Rc3 35. Rc7 Rg4 36. Rd8 Rxf4 37. Rf8+ Ke5 38. Rc5+ Kd4 39.
Rc7 Rf2+ 40. Kg1 Rxa2 41. Rd7+ Ke4 42. Rd1 Rxc4 43. Re1+ Kf4 44. Rf1+ Ke5 45.
Re1+ Kd6 46. Rd1+ Ke7 47. Rfd8 h4 48. R1d7+ Kf6 49. Rf8+ Ke5 50. Rd1 h3 51. Rh8
Rc3 52. Re1+ Kf4 53. Rf1+ Kg5 54. Rg8+ Kf6 55. Rh8 Kg7 56. Rh4 e5 57. Rxf5 h2+
58. Kh1 Rc1+ 59. Rf1 Rxf1# 0-1

[Event "ODJM C 2023"]
[Site "Willingen GER"]
[Date "2023.05.28"]
[Round "2"]
[White "Blome, Antonia"]
[Black "Söhren, Louis"]
[Result "1-0"]
[Termination "normal"]
[Board "35"]
[WhiteElo "1099"]
[BlackElo "964"]
[PlyCount "81"]
[WhiteFideId "34630090"]
[BlackFideId "34631747"]
[EventCountry "GER"]
[EventRounds "9"]
[EventType "swiss"]
[EventDate "2023.05.27"]

1. d4 d5 2. Bf4 Bf5 3. Nf3 Nf6 4. e3 a6 5. Nbd2 Nc6 6. c3 e6 7. Be2 Bd6 8. Ne5
Bxe5 9. Bxe5 Nxe5 10. dxe5 Nd7 11. f4 g5 12. Nf3 gxf4 13. exf4 Nc5 14. Qd4 b6
15. b4 Nb7 16. a4 a5 17. Bb5+ Ke7 18. Bc6 Ra7 19. bxa5 Nxa5 20. Qb4+ Qd6 21.
exd6+ cxd6 22. Qxb6 Nxc6 23. Qxc6 Rd7 24. O-O Bd3 25. Rf2 Be4 26. Rb2 Rhd8 27.
Rb7 f5 28. Rxd7+ Rxd7 29. Ng5 d4 30. Nxe4 fxe4 31. Qxe4 dxc3 32. Qc4 d5 33.
Qxc3 d4 34. Qb4+ Kd8 35. Rd1 d3 36. Qf8+ Kc7 37. Rc1+ Kb6 38. Rb1+ Ka6 39. Qa8+
Ra7 40. Qc6+ Ka5 41. Qb5# 1-0

[Event "ODJM C 2023"]
[Site "Willingen GER"]
[Date "2023.05.28"]
[Round "2"]
[White "Ruddat, Merja"]
[Black "Tarasenko, Ruslan"]
[Result "1/2-1/2"]
[Termination "normal"]
[Board "36"]
[WhiteElo "934"]
[BlackElo "1087"]
[PlyCount "116"]
[WhiteFideId "34660577"]
[BlackFideId "34166343"]
[EventCountry "GER"]
[EventRounds "9"]
[EventType "swiss"]
[EventDate "2023.05.27"]

1. e4 e5 2. Nf3 Nc6 3. d4 exd4 4. Nxd4 Bc5 5. Be3 Qf6 6. Nxc6 Bxe3 7. fxe3 Qxc6
8. Nc3 Nf6 9. e5 Ne4 10. Qd4 Nxc3 11. Qxc3 Qxc3+ 12. bxc3 O-O 13. Rd1 Re8 14.
Rd5 c6 15. Rd3 Rxe5 16. a4 d5 17. g3 Bf5 18. Rd4 Rxe3+ 19. Kd2 Rae8 20. c4 Ra3
21. cxd5 cxd5 22. Rxd5 Be4 23. Rd4 Bxh1 24. Bb5 Rc8 25. c4 a6 26. Bxa6 bxa6 27.
c5 h6 28. Rc4 Bd5 29. Rd4 Rxc5 30. g4 Ra2+ 31. Kd3 Rxh2 32. Rb4 Rcc2 33. Rb8+
Kh7 34. Kd4 Rhd2+ 35. Ke5 f6+ 36. Kf4 Rc4+ 37. Ke3 Rdd4 38. Rd8 Re4+ 39. Kd3
Bc6 40. Kd2 Rxa4 41. Kc3 Rxg4 42. Kb3 Raf4 43. Rd3 Rb4+ 44. Kc3 Ba4 45. Kd2
Rb2+ 46. Kc3 Rb3+ 47. Kd2 Rxd3+ 48. Kxd3 h5 49. Ke3 a5 50. Kf3 Bc6+ 51. Kf2 a4
52. Ke3 h4 53. Kf2 a3 54. Ke2 a2 55. Kf2 a1=Q 56. Ke2 Qc3 57. Kf2 Qf3+ 58. Ke1
Qg2 1/2-1/2